|
|
|
|
| LEADER |
00000nam a2200000 i 4500 |
| 001 |
1/81473 |
| 008 |
970303s1981 gre d |
| 035 |
|
|
|a 1995
|b 1
|c Δωρεά
|l 10033700
|
| 040 |
|
|
|a GR-MY-UA
|b gre
|e aacr
|
| 041 |
0 |
|
|a gre
|
| 082 |
0 |
|
|a 371.102
|
| 100 |
1 |
|
|a Πετρουλάκης, Νικόλαος Β.
|
| 245 |
1 |
0 |
|a Προγράμματα εκπαιδευτικοί στόχοι μεθοδολογία /
|c Νικολάου Β. Πετρουλάκη
|
| 260 |
|
|
|a Αθήναι :
|b Φελέκης,
|c 1981
|
| 300 |
|
|
|a 498 σ.
|
| 650 |
0 |
0 |
|a Teaching.
|
| 650 |
0 |
0 |
|a Education
|x Curricula.
|
| 650 |
0 |
0 |
|a Instructional systems.
|
| 650 |
0 |
0 |
|a Educational technology.
|
| 852 |
|
|
|a INST
|b RHODES
|c AKA
|e 19970303
|h 371.102 ΠΕΤ
|p 005400007248
|q 005400007248
|t BK
|y 0
|
| 852 |
|
|
|a INST
|b RHODES
|c AKA
|e 19970303
|h 371.102 ΠΕΤ
|p 005400007264
|q 005400007264
|t BK
|y 0
|
| 852 |
|
|
|a INST
|b RHODES
|c AKA
|e 20040308
|h 371.102 ΠΕΤ
|p 005400019525
|q 005400019525
|t BK
|y 0
|
| 909 |
|
|
|a Ρ
|b 028462
|c 1995
|
| 909 |
|
|
|a Ρ
|b 028463
|c 1995
|
| 909 |
|
|
|a Ρ
|b 105235
|c 2004
|
| 920 |
|
|
|a ΑΚΑΔΗΜΙΑ ΡΟΔΟΥ
|y ΡΟΔΟΣ
|z 2004-03
|
| 970 |
|
|
|z 2000/06/ΚΑΤΕΡΙΝΑ
|